Panegírico de Nuestro Señor Jesucristo, que predicó en la parroquia de Páztcuaro [sic], el viérnes santo, 25 de marzo de 1842, á las nueve de la noche, en la solemne funcion de ecsequias que allí se celebra anualmente, el presbítero Lic. Clemente Munguía, catedrático del Seminario de Morelia

Detalles Bibliográficos
Autor principal: Munguía, Clemente de Jesús arz. de Michoacán 1810-1868
Formato: Libro
Lenguaje:Spanish
Publicado: Puebla 1845
Materias:
Colección:Banco de datos
Acervo:Biblioteca de la Congregación del Oratorio de San Felipe Neri de México. Iglesia La Profesa
Descripción Física:48 p. 4°
Tema general:Homilética
Notas:Portada tipográfica con grabado central. Encuadernación en piel sobre cartón
LEADER 00947nam a22001810004500
035 |a 3254 
041 0 |a spa 
100 1 |a Munguía, Clemente de Jesús  |c arz. de Michoacán  |d 1810-1868 
245 1 0 |a Panegírico de Nuestro Señor Jesucristo, que predicó en la parroquia de Páztcuaro [sic], el viérnes santo, 25 de marzo de 1842, á las nueve de la noche, en la solemne funcion de ecsequias que allí se celebra anualmente, el presbítero Lic. Clemente Munguía, catedrático del Seminario de Morelia 
260 |a Puebla  |b reimpreso en la imprenta Antigua en el Portal de las Flores  |c 1845 
300 |a 48 p.  |c 4° 
500 |a Portada tipográfica con grabado central. Encuadernación en piel sobre cartón 
501 |a 27 obras 
650 1 0 |a Homilética 
949 |a Iglesia La Profesa, Biblioteca 7170-D 
942 |c PROFESA 
943 |g Biblioteca de la Congregación del Oratorio de San Felipe Neri de México. Iglesia La Profesa 
999 |c 950065  |d 950065